| 000 | 00349nam a22001337a 4500 | ||
|---|---|---|---|
| 008 | 180129b xxu||||| |||| 00| 0 eng d | ||
| 020 | _a9780136098423 | ||
| 041 | _aeng | ||
| 080 | _a334.7 | ||
| 100 | _a55 | ||
| 101 | _aMF | ||
| 245 |
_aFinancial management for public, helath, and not-for-profit organizations _cFinkler,S.A |
||
| 942 |
_2udc _cBK |
||
| 999 |
_c41117 _d41117 |
||